| 000 | 00364nam a22001457a 4500 | ||
|---|---|---|---|
| 008 | 150520b xxu||||| |||| 00| 0 eng d | ||
| 020 | _a0131823744 | ||
| 041 | 0 | _aeng | |
| 080 | _a7.017 | ||
| 100 | 1 | _aWood, Nancy V. | |
| 245 | 0 | 0 |
_aPerspectives on argument / _cNancy V. Wood. |
| 300 |
_a720 f _bme il _c23 cm. |
||
| 650 | 0 |
_aGjuha angleze _xRetorike |
|
| 942 |
_2udc _cBK |
||
| 999 |
_c840 _d840 |
||